| 000 | 01369nam a22003857a 4500 | ||
|---|---|---|---|
| 003 | CHAP | ||
| 005 | 20220817042321.0 | ||
| 008 | 971013s1995 r 00010 d | ||
| 010 | _a40665 | ||
| 011 | _a41637 | ||
| 035 | _a45763 | ||
| 040 | _cCHAP | ||
| 090 | _aTesis | ||
| 100 | 0 | 0 |
_aGurrola Martínez, Rojerio. _951555 |
| 245 | _aCrecimiento de ovinos pastoreando un pastizal intersembrado con Lotus (Lotus corniculatus L.) en Huatusco, Veracruz | ||
| 260 |
_aChapingo, Méx. : _bEl autor, _c1995 |
||
| 300 | _a78 h. | ||
| 502 | _aTesis (Ing. Agr. Esp. en Zootecnia) -- UACH. Departamento de Zootecnia | ||
| 590 |
_aALEPH _b10 _c20130110 _lUCH01 _h1309 |
||
| 590 |
_aBATCH-UPD _b10 _c20130110 _lUCH01 _h0110 |
||
| 590 |
_aBATCH-UPD _b10 _c20130110 _lUCH01 _h1301 |
||
| 590 |
_aBATCH-UPD _b10 _c20130409 _lUCH01 _h2101 |
||
| 590 |
_aBATCH-UPD _b10 _c20130410 _lUCH01 _h0819 |
||
| 590 |
_aBATCH-UPD _b10 _c20130914 _lUCH01 _h1514 |
||
| 590 |
_aCONVERSION _b10 _c20130109 _lUCH01 _h1322 |
||
| 650 | 1 | 4 |
_aGanado lanar _xCrecimiento. _945166 |
| 650 | 1 | 4 |
_aGanado lanar _xPastoreo. _945209 |
| 650 | 1 | 4 |
_aGanado lanar _xVeracruz. _945232 |
| 650 | 1 | 4 | _aLotus corniculatus. |
| 700 | 0 |
_aIbáñez Barboza, José Luis. _957232 |
|
| 901 | _aBK | ||
| 942 | _cFOLL | ||
| 949 |
_bBC _cTES _d-104423 _eTS1 _h30414 _i45763 _si |
||
| 949 |
_bBC _cTES _d33724000005435 _eTS2 _fc.2 _h30415 _i45763 _si |
||
| 999 |
_c40665 _d40665 |
||